Příběhy pamětníků očima pražských středoškoláků /

Main Author: Erbenová, Dagmar
Language: Czech
Published: [Praha] : Post Bellum, 2022
Subjects:
Physical Description: 24 stran : ilustrace (některé barevné), portréty ; 30 cm
Book
Saved in:
LEADER 02504nam a2200649 i 4500
001 nkc20233508654
003 CZ PrNK
005 20230504132145.0
007 ta
008 230329s2022 xr ac e 000 0ccze
015 |a cnb003508654 
020 |a 978-80-908808-3-2  |q (brožováno) 
035 |a (OCoLC)1381700164 
040 |a ABA001  |b cze  |d OLA001  |e rda 
043 |a e-xr--- 
045 |a x-x- 
072 7 |a 37.09  |x Organizace výuky a vzdělávání  |2 Konspekt  |9 22 
072 7 |a 37.016  |x Učební osnovy. Vyučovací předměty. Učebnice  |2 Konspekt  |9 22 
080 |a 37.014.542  |2 MRF 
080 |a 37.091.313  |2 MRF 
080 |a 303.422  |2 MRF 
080 |a 82-94  |2 MRF 
080 |a (437.3)  |2 MRF 
080 |a (0:82-4)  |2 MRF 
080 |a (072)  |2 MRF 
080 |a (076.1)  |2 MRF 
100 1 |a Erbenová, Dagmar  |7 jx20100811008  |4 aut 
245 1 0 |a Příběhy pamětníků očima pražských středoškoláků /  |c didaktický koncept a texty: Dagmar Erbenová 
264 1 |a [Praha] :  |b Post Bellum,  |c 2022 
300 |a 24 stran :  |b ilustrace (některé barevné), portréty ;  |c 30 cm 
336 |a text  |b txt  |2 rdacontent 
336 |a statický obraz  |b sti  |2 rdacontent 
337 |a bez média  |b n  |2 rdamedia 
338 |a svazek  |b nc  |2 rdacarrier 
500 |a Na obálce nad názvem: Paměť národa 
500 |a Obsahuje QR kódy s přístupem k rozšiřujícím materiálům 
610 2 7 |a Příběhy našich sousedů (projekt)  |7 pag2017942124  |2 czenas 
648 7 |a 20. století  |7 ch460558  |2 czenas 
650 0 7 |a vzdělávací projekty  |7 ph242428  |z Česko  |y 20. století  |2 czenas 
650 0 7 |a projektové vyučování  |7 ph196646  |z Česko  |2 czenas 
650 0 7 |a biografická metoda  |7 ph118894  |z Česko  |2 czenas 
650 0 7 |a biografie  |7 ph114155  |z Česko  |y 20. století  |2 czenas 
650 0 9 |a educational projects  |z Czechia  |y 20th century  |2 eczenas 
650 0 9 |a project method in teaching  |z Czechia  |2 eczenas 
650 0 9 |a biographical method  |z Czechia  |2 eczenas 
650 0 9 |a biography  |z Czechia  |y 20th century  |2 eczenas 
655 7 |a reportáže  |7 fd133252  |2 czenas 
655 7 |a metodické příručky  |7 fd132826  |2 czenas 
655 7 |a pracovní sešity  |7 fd133116  |2 czenas 
655 9 |a reportage  |2 eczenas 
655 9 |a methodological manuals  |2 eczenas 
655 9 |a activity books  |2 eczenas 
910 2 |a BOA001  |b 4-1506.561 
990 |a BK 
995 |a 01 
991 |b 202304  |c NOV 
996 6 |b 2610936678  |c 4-1506.561  |l MZK  |r Sklad / do 1 hodiny  |n 1  |p p.v.  |w 001922039  |u 000010  |a 1  |e BOA001  |j MZK50  |s P